00514nam a2200145Ia 4500008004100000041000800041082002200049100001600071245004500087260005900132300002700191365000900218999001500227952012600242240624s9999 xx 000 0 und d aeng a332.041091724 FRE aFREIRE MILA aSUBNATIONAL CAPITAL MARKETS IN DEVELOPIN c2004aNew YorkbWorld Bank and Oxford University Press axliii, : 651p. ; 23cm. cb25 c4407d4407 00104070aIMTNbIMTNcRack 9-Ad2006-12-29eAPg45.00o332.041091724 FREp4407r2024-06-24 00:00:00t48w2024-06-24yBK